قصص الشهادتين / (رقم التسجيلة. 102199)

تفاصيل مارك
000 -LEADER
fixed length control field 00755nam a22002657a 4500
005 - DATE AND TIME OF LATEST TRANSACTION
control field 20251108173350.0
008 - FIXED-LENGTH DATA ELEMENTS--GENERAL INFORMATION
fixed length control field 250721s1996 xx 000 0 ara d
020 ## - INTERNATIONAL STANDARD BOOK NUMBER
International Standard Book Number 9775737699
082 14 - DEWEY DECIMAL CLASSIFICATION NUMBER
Classification number ط/216.2
100 1# - MAIN ENTRY--PERSONAL NAME
Personal name حسن، أحمد محمد
245 10 - TITLE STATEMENT
Title قصص الشهادتين /
264 1# - PRODUCTION, PUBLICATION, DISTRIBUTION, MANUFACTURE, AND COPYRIGHT NOTICE
Place of production, publication, distribution, manufacture جدة :
Name of producer, publisher, distributor, manufacturer أطفالنا،
Date of production, publication, distribution, manufacture, or copyright notice 1996.
300 ## - PHYSICAL DESCRIPTION
Extent 5 ج. في 1 مج.
490 0# - SERIES STATEMENT
Series statement قصص أركان الإسلام
650 17 - SUBJECT ADDED ENTRY--TOPICAL TERM
Topical term or geographic name as entry element الحج
650 17 - SUBJECT ADDED ENTRY--TOPICAL TERM
Topical term or geographic name as entry element الصلوات
650 17 - SUBJECT ADDED ENTRY--TOPICAL TERM
Topical term or geographic name as entry element الشهادتان
650 17 - SUBJECT ADDED ENTRY--TOPICAL TERM
Topical term or geographic name as entry element الزكاة
650 17 - SUBJECT ADDED ENTRY--TOPICAL TERM
Topical term or geographic name as entry element الصوم
653 ## - INDEX TERM--UNCONTROLLED
Uncontrolled term ناشئون صغار (10-14 سنة)
700 1# - ADDED ENTRY--PERSONAL NAME
Personal name نور، ياسر علي
700 1# - ADDED ENTRY--PERSONAL NAME
Personal name عبد الفتاح، عاصم
Relator term Cart.
942 ## - ADDED ENTRY ELEMENTS (KOHA)
Source of classification or shelving scheme Dewey Decimal Classification
Koha item type كتب
المقتنيات
حالة السحب حالة الفقدان مصدر التصنيف حالة التلف غير قابل للإعارة المكتبة الرئيسية المكتبة الحالية موقع الرف تاريخ التزويد الرقم المتسلسل Total Checkouts رقم الإستدعاء الباركود تاريخ آخر ظهور تاريخ الفاتورة نوع المادة (كوها)
    Dewey Decimal Classification     مكتبة أم المؤمنين للأطفال مكتبة أم المؤمنين للأطفال الأطفال 28/07/2025 430636   ط/216.2 430636 28/07/2025 28/07/2025 كتب
Implemented & Customized by: BBB with SCIT (Smart Chains for Information Technology)

Powered by Koha